| 000 | 00593nam a2200241Ia 4500 | ||
|---|---|---|---|
| 003 | OSt | ||
| 005 | 20220924145545.0 | ||
| 006 | a|||||r|||| 00| 0 | ||
| 007 | ta | ||
| 008 | 220923b |||||||| |||| 00| 0 per d | ||
| 024 | _a329325 | ||
| 037 | _cTextual | ||
| 040 |
_aARTS _cARTS _bper |
||
| 041 |
_2per _aper |
||
| 082 | _aQv1, 164L1 | ||
| 100 |
_aShariati Au. _9220051 |
||
| 245 | 0 | _aJamia shanasi adyan | |
| 260 | _c1971 | ||
| 650 |
_a WORLD RELIGION _9196955 |
||
| 650 | _aHISTORY | ||
| 942 |
_hQv1, 164L1 _cTEXL _2CC |
||
| 999 |
_c460483 _d460483 |
||